000 00272nam a2200121Ia 4500
008 190216s9999||||xx |||||||||||||| ||und||
100 _aRajendra Manav
245 0 _aHindi-Yayavar Tagre Hai
260 _bUmesh Pub
_c2006
300 _a135
650 _aHindi
942 _cBK
999 _c16496
_d16496